ბათუმის შოთა რუსთაველის სახელმწიფო უნივერსიტეტის ბიბლიოთეკა

ზოგადი ფიზიკური გეოგრაფია : (ბიბ.ჩანაწერი № 49626)

000 -ლიდერი
ფიქსირებული სიგრძის საკონტროლო ველი 01317nam a2200265Ia 4500
001 - საკონტროლო ნომერი
საკონტროლო ველი 16558
003 - საკონტროლო ნომრის იდენტიფიკატორი
საკონტროლო ველი GE_BSU
005 - ბოლო ოპერაციის თარიღი და დრო
საკონტროლო ველი 20250128105047.0
008 - ფიქსირებული სიგრძის მონაცემთა ელემენტები - ზოგადი ინფორმაცია
ფიქსირებული სიგრძის საკონტროლო ველი 181216s2003||||ge |||||||||||||| ||geo||
020 ## - წიგნის საერთაშორისო სტანდარტული ნომერი
International Standard Book Number 99940-20-90-0
040 ## - კატალოგიზაციის წყარო
Transcribing agency GE_BSU
041 ## - ენის კოდი
Language code of text/sound track or separate title geo
080 ## - უნივერსალური ათობითი კლასიფიკაციის ინდექსი
Universal Decimal Classification number 911.2(075.8) ა-52
100 ## - მთავარი ჩანაწერი - პიროვნების სახელი
Personal name ალფენიძე, მელორ
9 (RLIN) 24146
245 ## - ცნობა სათაურის შესახებ
Title ზოგადი ფიზიკური გეოგრაფია :
Remainder of title [სახელმძღვ.] /
Statement of responsibility, etc მელორ ალფენიძე, ელიზბარ ელიზბარაშვილი, კობა ხარაძე ; [რედ.: ნიკოლოზ ბერუჩაშვილი] ; თსუ-ს სოხუმის ფილიალი.
264 ## - წარმოების, გამოცემის, დისტრიბუციის და სხვა ცნობები
გამოცემის, წარმოების, დისტრიბუციის... ადგილი თბილისი :
გამოცემის, წარმოების, დისტრიბუციის... სახელწოდება თბილ. უნ-ტის გამ-ბა,
გამოცემის, წარმოების, დისტრიბუციის... თარიღი 2003.
300 ## - ფიზიკური აღწერა
Extent 448 გვ. :
Other physical details ნახ. ;
Dimensions 25 სმ.
504 ## - BIBLIOGRAPHY, ETC. NOTE
Bibliography, etc ბიბლიოგრ. : გვ. 441-442
653 ## - INDEX TERM--UNCONTROLLED
Uncontrolled term გეოგრაფია
653 ## - INDEX TERM--UNCONTROLLED
Uncontrolled term ზოგადი ფიზიკური გეოგრაფია
700 ## - ADDED ENTRY--PERSONAL NAME
Personal name ელიზბარაშვილი, ელიზბარ
Relator term ავტორი
9 (RLIN) 24147
700 ## - ADDED ENTRY--PERSONAL NAME
Personal name ხარაძე, კობა
Relator term ავტორი
9 (RLIN) 6756
942 ## - ADDED ENTRY ELEMENTS (KOHA)
Koha item type წიგნი
Source of classification or shelving scheme
ეგზემპლარები
ჩამოწერის სტატუსი დაკარგული ეგზემპლარის სტატუსი კლასიფიკაციის წყარო ან თაროზე გაწყობის სქემა დაზიანების სტატუსი არ გაიცემა მუდმივი მდებარეობა (დაცვის ადგილი) ამჟამინდელი ადგილსამყოფელი თაროზე განთავსების ადგილი შეძენის თარიღი ღირებულება, შესყიდვის ნორმალური ფასი სრული შენახვის შიფრი შტრიხკოდი ბოლო ოპერაციის თარიღი ეგზემპლარის მიმდევრობითი ნომერი (კეტერი?) ფასის ძალაში შესვლის თარიღი ეგზემპლარის სახეობა საჯარო შენიშვნა
          ბათუმის შოთა რუსთაველის სახელმწიფო უნივერსიტეტის მთავარი ბიბლიოთეკა ბათუმის შოთა რუსთაველის სახელმწიფო უნივერსიტეტის მთავარი ბიბლიოთეკა წიგნსაცავი 2018-12-17 16.00 911.2(075.8) ა-52 27644 2018-12-17 27644 2018-12-17 წიგნი 16.00 ₾.